| 000 | 00517nam a2200181 a 4500 | ||
|---|---|---|---|
| 001 | 60 | ||
| 003 | CDMR | ||
| 005 | 20130605094607.0 | ||
| 008 | 130130s1995||||||||||||||||||||||||||||d | ||
| 040 |
_aCDMR _bcat _cCDMR |
||
| 111 | 2 |
_aMostra Fotoperiodisme _cLleida _d1995 _n2ª _953 |
|
| 245 | 1 | 0 | _a2a Mostra fotoperiodisme de Lleida |
| 260 |
_aLleida _c1995 _bCol.legi de Periodistes de Catalunya |
||
| 300 |
_a70 p ; _c21 cm |
||
| 500 | _aCatàleg d'exposició | ||
| 650 | 0 | 4 |
_93679 _aFotoperiodisme _xExposicions |
| 942 |
_cMON _2ddc |
||
| 999 |
_c60 _d60 |
||